Системный анализ в управлении: учебное пособие

Bibliografiset tiedot
Päätekijä: Тимченко Т. Н.
Yhteenveto:В учебном пособии в краткой и доступной форме рассмотрены все основные вопросы, предусмотренные государственным образовательным стандартом и учебной программой по дисциплине «Сис­темный анализ в управлении предприятием-.Книга позволит быстро получить основные знания по предмету, а также качественно подготовиться к зачету и экзамену.Рекомендуется студентам, обучающимся по направлениям «Ме­неджмент» и «Экономика (по отраслям)-, а также другим экономи­ческим и управленческим направлениям
Kieli:venäjä
Julkaistu: Москва, Инфра-М, 2016
Sarja:Высшее образование. Бакалавриат
Aiheet:
Aineistotyyppi: MixedMaterials Kirja
KOHA link:https://koha.lib.tpu.ru/cgi-bin/koha/opac-detail.pl?biblionumber=318043

MARC

LEADER 00000nam0a2200000 4500
001 318043
005 20231102003034.0
010 |a 9785369002384 
010 |a 978-5-16-103311-1 
035 |a (RuTPU)RU\TPU\book\343524 
090 |a 318043 
100 |a 20160419d2016 m y0rusy50 ca 
101 0 |a rus 
102 |a RU 
105 |a y j 000zy 
200 1 |a Системный анализ в управлении  |e учебное пособие  |f Т. Н. Тимченко 
210 |a Москва  |c Инфра-М  |c РИОР  |d 2016 
215 |a 160 с. 
225 1 |a Высшее образование. Бакалавриат 
330 |a В учебном пособии в краткой и доступной форме рассмотрены все основные вопросы, предусмотренные государственным образовательным стандартом и учебной программой по дисциплине «Сис­темный анализ в управлении предприятием-.Книга позволит быстро получить основные знания по предмету, а также качественно подготовиться к зачету и экзамену.Рекомендуется студентам, обучающимся по направлениям «Ме­неджмент» и «Экономика (по отраслям)-, а также другим экономи­ческим и управленческим направлениям 
606 1 |a Системный анализ в управлении  |2 stltpush  |3 (RuTPU)RU\TPU\subj\72712  |9 86116 
610 1 |a экономика 
610 1 |a системные подходы 
610 1 |a управленческие процессы 
610 1 |a управленческие решения 
610 1 |a промышленные предприятия 
610 1 |a принятие решений 
610 1 |a ситуационное управление 
610 1 |a оценка 
610 1 |a методы 
610 1 |a учебные пособия 
686 |a Ув631.9я73  |v LBC/SL-A  |2 rubbk 
700 1 |a Тимченко  |b Т. Н. 
801 1 |a RU  |b 63413507  |c 20160419 
801 2 |a RU  |b 63413507  |c 20230322  |g RCR 
900 |a Системный анализ 
942 |c BK 
959 |a 29/20160310  |d 1  |e 194,90  |f ЧЗГЛ:1